[Event "Santiago Entel Cup 2nd"]
[Site "Santiago de Chile"]
[Date "2005.03.18"]
[Round "7"]
[White "Zambrana, Oswaldo"]
[Black "Llorens Sepulveda, Marcelo"]
[Result "1-0"]
[WhiteElo "2472"]
[BlackElo "2418"]
[Annotator "Gofshtein,L"]
[PlyCount "81"]
[EventDate "2005.03.15"]
[EventType "tourn"]
[EventRounds "13"]
[EventCountry "CHI"]
[EventCategory "9"]
[SourceTitle "CBM 106"]
[Source "ChessBase"]
[SourceDate "2005.06.06"]
[SourceVersion "1"]
[SourceVersionDate "2005.06.06"]
[SourceQuality "1"]

{[%mdl 8]} 1. e4 c5 2. Nf3 Nc6 3. d4 cxd4 4. Nxd4 Nf6 5. Nc3 d6 6. Bg5 Bd7 7.
Qd2 Rc8 8. Bxf6 {White chooses a relatively rare line. Main lines arise after
8.f4 or 8.0-0-0} (8. f4) (8. O-O-O) 8... gxf6 9. Nf5 $5 {With the idea to
block the advance of black's pawns in the centre and to restrict the black
dark squared bishop} (9. Nxc6 $6 bxc6 10. Bd3 Rb8 11. Rb1 Rg8 12. g3 Qa5 $132 {
1/2-1/2 Kaminski,M-Groszpeter,A/Dortmund 1992/TD (26)}) (9. f4 Nxd4 10. Qxd4
Qa5 11. Bc4 Qc5 12. Qxc5 Rxc5 13. Bb3 f5 $132 {0-1 Lieberum,J-Murey,J/Antwerp
1993/EXT 97 (44)}) (9. Be2 Nxd4 10. Qxd4 Qa5 11. O-O-O Qc5 12. f4 Bg7 13. f5
Bh6+ 14. Kb1 Bf4 15. Qxc5 Rxc5 16. Nd5 Be5 $132 {1/2-1/2 Radulov,I-Csom,I/
Baile Herculane 1982/MCD (16)}) 9... Qa5 {[%cal Rd7f5,Ra5f5] By activizing the
queen black firstly attacks the knight on f5} (9... Ne5 10. f4 Nc4 11. Bxc4
Rxc4 12. Ne3 Rc8 13. O-O-O Qa5 14. Kb1 Qc5 15. Qe2 e6 16. Rhe1 $16 {1-0
Petronic,J-Nestorovic,D/Tivat 1995/EXT 2000 (25)}) 10. Bd3 $5 {White protects
the knight on f5. 10.Bb5 was the alternative.} (10. Bb5 a6 11. Bxc6 Rxc6 (11...
bxc6 $5) 12. O-O-O e6 13. Nd4 Rc8 14. Rhe1 Qh5 15. g3 Bh6 16. f4 O-O 17. Kb1
$16 {1/2-1/2 Adorjan,A-Csom,I/HUN-ch 1992/CBM 34 (25)}) 10... Ne5 {[%cal Re5c4,
Re5d3]} 11. O-O-O $5 $146 {A novelty. 11.0-0 was previously met. As the next
games show white has a stable edge in this case.} (11. O-O $5 a6 (11... h5 12.
Kh1 Be6 13. Ne3 Bh6 14. f4 Nc4 15. Nxc4 Bxc4 16. Bxc4 Rxc4 17. Qd3 Qc5 18. Rad1
Rg8 19. Nd5 $16 {1-0 Kudrin,S-Basque,R/Philadelphia 2003/CBM 097 ext (25)}) 12.
Kh1 e6 13. Ne3 h5 14. Be2 Qb4 15. Rab1 b5 16. f4 $16 {1/2-1/2 Garcia,G-Zapata,
A/Barranquilla 1999/EXT 2000 (38)}) 11... h5 $6 {11...b5 deserved attention
with counterplay.} (11... b5 $5 12. Kb1 b4 13. Ne2 Be6 14. Nc1 Nxd3 15. Qxd3
Qe5 16. f3 a5 $132) 12. f4 Nc4 (12... Nxd3+ 13. Qxd3 Be6 14. a3 Bc4 15. Qd2 $16
) 13. Bxc4 Rxc4 14. Qd3 {[%cal Gd3f5]} Rc5 15. Rhe1 {Bringing the rook and
preparing to the opening of the e-file.} Be6 {[%cal Re6a2]} (15... Bxf5 16.
exf5 Kd8 (16... Rxf5 17. Qxd6 $18) 17. Re4 $36) 16. a3 Qc7 17. Kb1 Qc8 {
[%cal Re6f5]} 18. Ne3 $16 {Black's corrupted pawn chain, the insecure position
of his king and a lack of coordination between his pieces (black's rook on h8
is out of the game), all those give white a clear edge.} h4 19. Ncd5 {White
strengthens his position in the centre, by centralizing the knight.} Rg8 20.
Re2 Bh6 {With his last couple of moves, black tries to activize all his not
playing pieces, but misses a tactical blow.} 21. b4 {21.Ne7 is winning at once,
totally breaking black's pawn structure.} (21. Nxe7 $1 Kxe7 22. Nf5+ Rxf5 23.
Qxd6+ Ke8 24. exf5 $18) 21... Rc6 22. Nf5 {Further activizing the pieces and
trying to open the e-file.} Bf8 23. Rdd2 {White hesitates and again misses the
immideatly winning 23.b5.} (23. b5 $5 Bxd5 24. exd5 Rb6 25. Rde1 $18 {[%cal
Rf5e7]}) 23... a5 24. Nxh4 {Winning a pawn, 24.b5 was also possible.} (24. b5
$5 Bxd5 25. exd5 Rb6 26. Nxe7 Bxe7 27. Rxe7+ Kxe7 28. Qe3+ Kd7 29. Qxb6 Qc7 30.
Qd4 $36) 24... axb4 25. axb4 Rc4 {[%cal Rc4b4] Black tries to get some
counterplay by activizing his rook.} 26. Qb3 b5 (26... Bxd5 27. Rxd5 e6 28.
Qa4+ Qc6 29. Ra5 Qxa4 30. Rxa4 b5 31. Ra8+ Kd7 32. Ra7+ $36) 27. Nf5 Qc6 (27...
Bxf5 28. exf5 Qxf5 29. Ne3 $18) 28. Kb2 {White keeps on strengthening his
position, black finds it very difficult to break the blockade.} Kd8 29. Qa3 {
Transfering the queen to a more active position.} Bxd5 30. exd5 Qb6 31. g3 Rh8
32. c3 {White keeps restricting black's possibilities.} Rh5 33. Nd4 {[%cal
Rd4c6]} Kd7 (33... Rxd5 34. Qa8+ $18) 34. Nc6 Rxc6 {Trying to weaken white's
pressure.} 35. dxc6+ Qxc6 36. Qa7+ Qc7 37. Qa8 Qc8 38. Qf3 {[%cal Rf3h5]
Throwing the black rook from an active position.} Rh8 39. Qd5 {[%cal Gd5b5,
Yd5f7]} Qc4 40. Qb7+ Kd8 41. Re1 {[%cal Re1a1,Ra1a8] White has not only a
material advantage but also a much more active pieces. The threat Ra1 is
extremely dangerous, that's why black resigned.} 1-0

[Event "Bermuda-A"]
[Site "Bermuda"]
[Date "2003.02.05"]
[Round "11"]
[White "Al Modiahki, Mohamad"]
[Black "Christiansen, Larry Mark"]
[Result "1-0"]
[WhiteElo "2571"]
[BlackElo "2562"]
[Annotator "Gofshtein,L"]
[PlyCount "75"]
[EventDate "2003.01.25"]
[EventType "tourn"]
[EventRounds "11"]
[EventCountry "BER"]
[EventCategory "15"]
[SourceTitle "CBM 094"]
[Source "ChessBase"]
[SourceDate "2003.05.26"]
[SourceVersion "1"]
[SourceVersionDate "2003.05.26"]
[SourceQuality "1"]

1. e4 c5 2. Nf3 d6 3. d4 cxd4 4. Nxd4 Nf6 5. Nc3 Nc6 6. Bg5 Bd7 7. Qd2 Rc8 8.
O-O-O Nxd4 9. Qxd4 Qa5 10. Be3 a6 11. f3 e5 {11...g6 deserves serious
attention.} (11... g6 $5 12. Bc4 (12. Kb1 Bg7 13. Nd5 Be6 14. Qb6 Qxb6 (14...
Qa4 15. Qb3 Qd7 16. c4 Bxd5 17. cxd5 O-O $132 {0-1 Rodriguez,J-Ubilava,E/
Oviedo 1992/TD (37)}) 15. Nxb6 Rc6 16. c4 Nd7 17. Nxd7 Kxd7 18. c5 Kc7 $11 {
1/2-1/2 Szieberth,A-Gyurkovics,M/HUN 1993/TD (32)}) (12. Qb6 Qxb6 13. Bxb6 e6
14. Bd4 Bg7 15. Bd3 Ke7 16. Rhe1 Bc6 $14 {1/2-1/2 Vatter,H-Gschnitzer,O/Lauda
1986/GER (20)}) (12. Nd5 Bg7 13. Bc4 Be6 14. Qd3 Nxd5 15. Bxd5 Bxd5 16. Qxd5
Qb4 17. Bd4 Bxd4 18. Qxd4 Qxd4 19. Rxd4 Rc5 $11 {0-1 Kucypera,A-Perdek,M/
Polanica Zdroj 1996/EXT 98 (45)}) 12... Be6 13. Bxe6 fxe6 14. e5 dxe5 15. Qa4+
Qxa4 16. Nxa4 Nd5 17. Bd2 Bg7 $14 {1/2-1/2 Klovans,J-Kuzmin,G/Kischniev 1975/
EXT 2001 (28)}) (11... b5 12. Kb1 e5 13. Qa7 Qc7 14. Qxa6 b4 15. Bb6 Qb8 16.
Nd5 Nxd5 17. Rxd5 $16 {1-0 Garcia,G-Vera,R/Cienfuegos 1980/EXT 99 (26)}) (11...
Be6 12. Qb6 Qxb6 13. Bxb6 g6 14. Nd5 Bxd5 15. exd5 Bg7 $132 {0-1 Mihalko,
J-Videki,S/Budapest 1994/EXT 97 (63)}) (11... e6 12. Kb1 Be7 13. g4 O-O 14. g5
Nh5 15. Qd2 Qc7 16. Bh3 $16 {0-1 Mencinger,V-Efimov,I/Ljubljana 1997/CBM 58
ext/[Mencinger,V] (52)}) 12. Qb6 {[%mdl 4096]} Qxb6 13. Bxb6 Be7 {13...Be6
leads to move replace.} (13... Be6 14. Be2 (14. g4 $5) 14... Be7 15. Rd2 O-O
$132 {1/2-1/2 Peptan,C-Gaprindashvili,N/Kishinev 1998/CBM 63 ext (56)}) 14. g4
$1 {White captures space on the King's side.} Be6 15. h4 O-O 16. Bh3 $5 {
The Bishop on h3-c8 will excert strong pressure.} Rc6 17. Be3 Rfc8 {[%cal
Yc5c2,Yc6c2]} 18. Rd2 {[%cal Yd2c2] Profilactic move...White defends pawn c2
preparing to move knight to d5.} Ne8 19. Nd5 $16 Kf8 (19... Bxd5 20. exd5 Rc4
21. h5 $16) 20. a3 {White strengthens its position.} (20. g5 $5 Nc7 21. Bf1 $16
) 20... Bd8 (20... Bxh4 21. g5 $36) 21. g5 g6 22. h5 $5 {[%cal Yh1h7] White is
trying to open up the 'h' file, activating his 'h' Rook.} gxh5 (22... f5 23. c3
$16) 23. Bf5 Ng7 (23... Bxf5 24. exf5 Ng7 25. f6 Nf5 26. Rxh5 $36) 24. Bxh7
Bxd5 25. exd5 Bb6 $5 {Black tries to change the character of the game because
two Bishops and the weak pawn on h5 give White a clear advantage.} 26. dxc6
Bxe3 27. cxb7 Rb8 28. Be4 $5 {It's clearly important to preserve pawn 'b7'.} (
28. Kd1 Bxd2 29. Kxd2 Rxb7 30. b4 d5 31. Bd3 Rb6) 28... Bxg5 29. Kd1 Bxd2 30.
Kxd2 Ke7 31. b4 Kd7 {Black's King approaches pawn 'b7', freeing his Rook from
a defensive role} 32. a4 Kc7 33. a5 {White's plan is clear. He tries to create
a second pass-pawn following b4-b5.} Rh8 $1 {It's now clear that Black also
has certain potential.} 34. b5 axb5 $2 {Decisive mistake...after 34...Kb8 the
outcome is yet to be decided.} (34... Kb8 $5 35. bxa6 h4) 35. a6 d5 {and in
case of 35...Kb6 36.a7 Black loses.} 36. Bxd5 Rd8 37. c4 $1 bxc4 38. Kc3 $18
1-0

[Event "GER CupT 3rd place"]
[Site "Erfurt"]
[Date "2004.03.21"]
[Round "2.1"]
[White "Brueggemann, Joachim"]
[Black "Heinemann, Thies"]
[Result "0-1"]
[WhiteElo "2423"]
[BlackElo "2426"]
[Annotator "Gofshtein,L"]
[PlyCount "84"]
[EventDate "2004.03.20"]
[EventType "team"]
[EventRounds "2"]
[EventCountry "GER"]
[SourceTitle "CBM 100"]
[Source "ChessBase"]
[SourceDate "2004.06.01"]
[SourceVersion "1"]
[SourceVersionDate "2004.06.01"]
[SourceQuality "1"]
[WhiteTeam "Erfurt"]
[BlackTeam "Hamburger SK"]
[WhiteTeamCountry "GER"]
[BlackTeamCountry "GER"]

1. e4 c5 2. Nf3 d6 3. d4 cxd4 4. Nxd4 Nf6 5. Nc3 a6 (5... Nc6 6. Bg5 e6) 6. Bg5
Nc6 (6... Bg4 7. f3 Bd7 8. f4 Nc6 9. Qd2 Qb6 10. Nb3 e6 11. O-O-O O-O-O 12. Bh4
Be7 13. Bf2 Qc7 14. Bd3 $14 {1/2-1/2 Paehtz,E-Gutman,L/playchess.com 2003/CBM
92 ext (106)}) 7. Qd2 Bd7 {A relatively rare move. The usual line is 7...e6} 8.
f4 {8.0-0-0 is more common transposing to the usual lines} (8. O-O-O $5 e6 9.
f3 Be7 10. h4 b5 11. g4 $5 (11. Nxc6 Bxc6 12. Ne2) 11... Ne5 (11... b4 {
has been played.}) 12. Bxf6 {.. 1-0 Shirov,A-Ivanchuk,V/Monte Carlo 1996/CBM
52 ext/[Shirov] (31)}) 8... Qb6 $5 (8... b5 9. Bxf6 gxf6 10. O-O-O h5 11. g3 e6
12. Bg2 Rc8 13. Kb1 $16 {1-0 Sax,G-Oltean,D/Balatonbereny 1985/MCL (31)}) 9.
Bxf6 {9.Nb3 deserved attention} (9. Nb3) 9... gxf6 10. Nb3 f5 $5 $146 {This
advance is one of the main ideas of the 5...Bd7 line. This is how black breaks
white's pawn structure and opens his bishops} (10... e6 11. O-O-O h5 12. Kb1
Qc7 13. Be2 $16 {1-0 Koglin,A-Weischedel,H/Germany 1993/EXT 98 (30)}) 11. Nd5 (
11. exf5 Bxf5 12. Bd3 Bxd3 13. Qxd3 Bg7 14. O-O-O Nb4 15. Qe4 Rc8 $132) 11...
Qd8 12. exf5 Bxf5 13. Bd3 Bxd3 14. Qxd3 Bg7 15. O-O-O {15.c3 looked better
immideatly limiting the black bishop and trying to castle short. Here is a
possible line:} (15. c3 $5 e6 16. Ne3 d5 17. O-O $132 {and it's not easy for
black to find objects to attack} d4 18. cxd4 Nxd4 19. Rad1) 15... e6 16. Qe3 $6
{A dubious move. 16.Qg3 deserved attention trying to break the coordination of
the black pieces} (16. Qg3 $5 Kf8 17. Nc3 Rg8 18. Qh3) 16... O-O 17. Nb6 {
The knight goes far from the centre but also in case of the normal 17.Nc3
black is also fine} (17. Nc3 d5 18. Ne2 Rc8 19. c3 b5 $132) 17... Qf6 $1 {
With this black doesn't have to lose time and brings the rook to play right
away} 18. c3 Rad8 19. Rhf1 (19. g4 d5 20. g5 Qf5) 19... d5 20. g4 {White is
getting active too late} d4 $1 {Opening the game and going for a better
endgame as the black's bishop is much stronger than the white knight} 21. Nxd4
Nxd4 22. Rxd4 Rxd4 23. Qxd4 Qxd4 24. cxd4 Bxd4 {[%mdl 4096]} 25. Na4 {After 25.
Nd7 black wins the pawn by:} (25. Nd7 $5 Rd8 26. Ne5 Bxe5 (26... Be3+ 27. Kb1
$15) 27. fxe5 Rd4 28. h3 Re4 $17) 25... Rc8+ 26. Kd2 b5 27. Nc3 Bxc3+ {Black
goes for a better rook ending, trying to take advantage of the white's many
weaknesses} 28. bxc3 Rc4 $5 {Bringing the rook to a better position} 29. Kd3
Ra4 30. Rf2 Kg7 31. h3 Kf6 32. Ke3 Kg6 {Black's task is to create another
weakness (besides the a2 pawn) is the white camp} 33. Rd2 h5 34. Rf2 {White
doesn't have any active play and is forced to wait} hxg4 35. hxg4 f5 $1 $17 {
This is how black fixates the white pawns and reaches the material advantage}
36. g5 (36. Rg2 Re4+ 37. Kf3 Rc4 38. gxf5+ Kxf5 39. Rg5+ Kf6 40. Rg2 Rxc3+ $17)
36... e5 $5 {Breaking white's pawns and winning one} 37. fxe5 Re4+ 38. Kf3 Rxe5
{[%csl Rg5]} 39. Rd2 Re6 $5 {defending against the white's idea and keeping
all the threats} (39... Kxg5 40. Rd6 Rc5 41. Rxa6 Rxc3+ 42. Ke2) 40. Kf4 Re4+
41. Kf3 Kxg5 42. Rd8 Ra4 $19 {Black's material and positional advantage give
him a winning position that's why white resigned} 0-1

[Event "RUS-chT 12th"]
[Site "Sochi"]
[Date "2005.04.21"]
[Round "3"]
[White "Bologan, Viktor"]
[Black "Dreev, Alexey"]
[Result "1/2-1/2"]
[WhiteElo "2700"]
[BlackElo "2705"]
[Annotator "Gofshtein,L"]
[PlyCount "66"]
[EventDate "2005.04.19"]
[EventType "team-tourn"]
[EventRounds "11"]
[EventCountry "RUS"]
[SourceTitle "EXT 2020"]
[Source "ChessBase"]
[SourceDate "2019.10.17"]
[SourceVersion "1"]
[SourceVersionDate "2019.10.17"]
[SourceQuality "1"]
[WhiteTeam "Tomsk 400"]
[BlackTeam "Sverdlovsk Ural region"]
[WhiteTeamCountry "RUS"]
[BlackTeamCountry "RUS"]

1. e4 c5 2. Nf3 d6 3. d4 Nf6 4. Nc3 cxd4 5. Nxd4 Nc6 6. Bg5 Bd7 7. Qd2 Rc8 8.
Nb3 {The main line of the variation. 8.f4 or 8.0-0-0 looks much more active.} (
8. O-O-O $5) (8. Bxf6) (8. f4 $5) 8... a6 9. f3 {As the tournament practice
shows, white has a more active lines, such as, 9.f4 or 9.Be2.} (9. f4 $5 b5 10.
a4 b4 11. Bxf6 gxf6 12. Nd5 a5 13. Bb5 $36 {1-0 Baklan,V-Fontaine,R/Zagan 1997/
CBM 059 ext (59)}) (9. Be2 $5 e6 10. O-O h6 11. Bxf6 $5 (11. Bf4 Ne5 12. Rad1
Be7 13. Bg3 Qb6 $132 {0-1 Jakobsen,O-Andersson,U/Meldorf 1968/EXT 2004 (69)})
11... Qxf6 12. a4 Qd8 13. a5 Be7 14. Na4 Qc7 15. Nb6 $36) 9... e6 10. O-O-O Be7
(10... b5 11. Kb1 b4 (11... Ne5 12. Bd3 Be7 13. h4 O-O 14. f4 Nxd3 15. cxd3 Ng4
$132 {0-1 Firman,N-Berkvens,J/Hengelo 2001/CBM 083 ext (22)}) 12. Ne2 h6 13.
Be3 e5 14. g4 Be7 15. h4 a5 16. Ng3 a4 $132 {1-0 Deepan Chakkravarthy,J-Nadj
Hedjesi,B/Kochin 2004/CBM 103 ext (44)}) 11. Kb1 {Possibly an immideate attack
on the kingside with 11.h4 was stronger.} (11. h4) 11... h6 12. Bxf6 {White
unexpectedly changes his plan, by exchanging on f6 and starts an immidiate
offense on the black weakened king by the advance of the f-pawn.} (12. Bf4 Ne5
13. Be3) (12. Be3 $5) 12... gxf6 13. f4 b5 14. Ne2 {[%cal Re2d4]} (14. f5 $5)
14... a5 {[%cal Ra5a4]} 15. f5 Qb6 {[%cal Rb6e3]} 16. fxe6 fxe6 17. Nbd4 a4 {
[%cal Ra4a3]} 18. Nxc6 Rxc6 19. Nf4 (19. Nd4 Rc5 20. Be2 b4 21. Bg4 Re5 22. Qd3
a3 $132) 19... a3 20. Ng6 (20. b4 $5 Rg8 21. Be2 Kd8 $13) 20... Rg8 21. Nxe7
Kxe7 22. Qxh6 Qc5 $5 {[%cal Rc5c2,Rc5b4]} (22... Rg4 23. h3 Qc5) 23. Bd3 (23.
Qh7+ Kf8 24. Rd2 Qb4 25. c3 Rxc3 $36) (23. Rd2 Rf8 $44) 23... Qb4 24. Qc1 axb2
25. Qxb2 Qxb2+ 26. Kxb2 Rxg2 {Black won back the pawn and transposed to an
equal ending.} 27. h4 Rc8 {First of all black has to neutralize White's passed
pawn on the h-file} 28. Rdg1 {White offers to exchange black's active rook.}
Rxg1 29. Rxg1 Rh8 {It seems that it's already Black who has a slight edge,
that's why White forces the draw.} (29... Kf7 30. Kb3 {[%csl Rb5]}) 30. Rg7+
Kd8 31. Rg6 Ke7 32. Rg7+ Kd8 33. Rg6 Ke7 1/2-1/2